Statistics for European Capitals That Start with Letter B

Click here to take the quiz!

General Stats

  • This quiz has been taken 161 times
  • The average score is 6 of 7

Answer Stats

Capital% Correct
Berlin
91%
Bucharest
90%
Brussels
89%
Budapest
89%
Bern
87%
Belgrade
82%
Bratislava
82%

Score Distribution

Percentile by Number Answered

Percent of People with Each Score

Your Score History

You have not taken this quiz